000 00895nam a22002417a 4500
005 20170124105920.0
010 _aB-160373
020 _a8183250122
_c00.00
035 _aB-160373
037 _bCen Lib/Ret
040 _aDPL
_bEN
082 _a370.1
_bAHA
245 _aA handbook of philosophy of education /
_cedited by Kavita Chaudhary
260 _aNew Delhi
_bMahamaya Publishing House
_c2005
270 _a12-H,Shantivan Marg,opp.Traffic Kotwali, Dariya Ganj
_bNew Delhi
_e110002
300 _av,232p.
_c23cm(Hb)
650 _aPhilosophy and Education-Natural Law
_94023
650 _aLogical Science
_94024
650 _aदर्शन और शिक्षा-प्राकृतिक विधि
_94025
650 _aतार्किक विज्ञान
_9442
700 _aChaudhary,Kavita
_960508
942 _2ddc
_cEN
_h370.1
_mAHA
999 _c123079
_d123079